000 00393cam a22001097a 4500
008 180718b1999 xxu||||| |||| 00| 0 eng d
082 _aL906x5433 P969/1998-99
245 _aWhat the reports of CAG say?: A bird's eye view of the Reports of the Comptroller and Auditor General of India, 1998-99
260 _aPunjab
_bGovernment of Punjab
_c1999
300 _a28p.
700 _aGovernment of Punjab
999 _c503601
_d503601